| 000 | 00624nam a22001937a 4500 | ||
|---|---|---|---|
| 008 | 160318b xxu||||| |||| 00| 0 eng d | ||
| 020 | _a978-007-132633-9 | ||
| 082 |
_22013 _aDC 658.3 _bIv1h |
||
| 100 |
_93896 _aIvancevich, John M. |
||
| 245 |
_aHuman resource management/ _cJohn M. Ivancevich and Robert Konopaske. |
||
| 250 | _aTwelfth edition. | ||
| 260 |
_aNew York: _bMcGraw-Hill, _cc2013. |
||
| 300 |
_axviii, 622 pages; _c25 cm. |
||
| 500 | _aIncludes index. | ||
| 650 | 0 |
_93900 _aPersonnel management. |
|
| 650 | 0 |
_93902 _aPersonal management _xCase studies. |
|
| 700 |
_93897 _aKonopaske, Robert. |
||
| 942 |
_2ddc _cDC |
||
| 999 |
_c1322 _d1322 |
||